| 000 | 01100nam a22003017a 4500 | ||
|---|---|---|---|
| 001 | BR7600826 | ||
| 003 | BR-BrBNA | ||
| 005 | 20230928084913.0 | ||
| 007 | ta | ||
| 008 | 230509b bl.||||| |||| 00| 0 por d | ||
| 040 |
_aBR-BrBNA _bpor _cBiblioteca Nacional de Agricultura |
||
| 041 | _a(Por) | ||
| 072 |
_aF25 _b1670 _b3801 _b3866 _b/G514 |
||
| 090 | _ 1670 BR7600826 | ||
| 100 | 1 | _aThomas, M. do C. | |
| 110 | 1 |
_aEscola Superior de Agricultura Luiz de Queiroz, Piracicaba, SP (Brasil) _0Dissertacao (Mestre) |
|
| 245 | 1 | _aNutricao mineral do espinafre Nova Zelandia (Tetragonia expansa, Murr.)[Microelemento; Macroelemento; Brasil] | |
| 260 | 3 |
_aPiracicaba, SP (Brasil): _c1975. |
|
| 300 | _a96 p. | ||
| 500 | _a15 tables; Bibliography p. 70-81 (125 ref.); Summaries (Eng, Por). (*) Documento disponível na(o) Escola Superior de Agricultura Luiz de Queiroz, Piracicaba, SP (Brazil) | ||
| 650 | _aNutricao vegetal | ||
| 650 | _aEspinafre | ||
| 650 | _aNutriente mineral | ||
| 650 | _aMicroelemento | ||
| 650 | _aMacroelemento | ||
| 909 |
_a202309 _bLucia _c55 _dLucia Elande |
||
| 942 | _cBK | ||
| 999 |
_c21778 _d21778 |
||